Krampack : la legge dell'istinto /
Shranjeno v:
| Drugi avtorji: | , , |
|---|---|
| Format: | |
| Jezik: | italijanščina |
| Izdano: |
Italia :
Medusa video [distributore,
199.?]
|
| Oznake: |
Brez oznak, prvi označite!
|
MARC
| LEADER | 00000ngm a22000007i 4500 | ||
|---|---|---|---|
| 001 | IT\ICCU\UBO\1567826 | ||
| 003 | ItRI | ||
| 005 | 20260124182853.0 | ||
| 008 | 020205q19901999it |||||||||||||||k|||||c | ||
| 028 | 4 | 2 | |a 1086101 |
| 040 | |b ita | ||
| 041 | 7 | |a ita |2 ISO-639-2 | |
| 130 | 0 | |a Krampack <film ; 2000> |3 IT\ICCU\CAG\0917205 | |
| 245 | 0 | 0 | |a Krampack : |b la legge dell'istinto / |c diretto da Cesc Gay ; ispirata all'opera teatrale Krampack di Jordi Sanchez. |
| 260 | |a Italia : |b Medusa video [distributore, |c 199.?] | ||
| 300 | |a 1 videocassetta (VHS) (ca. 90 min.) : |b color. (PAL), son. (Dolby surround) | ||
| 500 | |a Tit. del contenitore | ||
| 500 | |a Ripr. del film del 2000; interpreti Fernando Ramallo | ||
| 500 | |a Vietato ai minori di 14 anni. | ||
| 700 | 1 | |a Gay, Cesc |0 IT\ICCU\UBOV\595975 | |
| 700 | 1 | |a Sanchez, Jordi |0 IT\ICCU\UBOV\595976 | |
| 700 | 1 | |a Ramallo, Fernando |0 IT\ICCU\UBOV\595977 | |
| 790 | 1 | |a Ramallo Fernández, Fernando |3 IT\ICCU\PUVV\484860 |z Ramallo, Fernando | |
| 790 | 1 | |a Ramallo, Fernandez |3 IT\ICCU\SBNV\122300 |z Ramallo, Fernando | |
| 942 | |2 ddc |c VM |n 0 | ||
| 952 | |0 0 |1 0 |4 0 |6 VO_1012_000000000000000 |7 0 |9 27297 |a BO |b BO |d 2026-01-24 |i 8234 |l 0 |o VO 1012 |p BO8234 |r 2026-01-24 18:28:53 |w 2026-01-24 |x [Sebina 5] [1 videocassetta] |y VM |z 1 videocassetta | ||
| 999 | |c 23112 |d 23112 | ||